000
00239nam a2200097Ia 4500
001
805647
005
20250826171156.0
008
250824s9999 xx 000 0 und d
245
0
_a
BİR TATLI HUZUR
_c
AYŞE KULİN
260
_b
EVEREST YAYINLARI
999
_c
805647
_d
805647